000 00250nam a22001097a 4500
082 _a635 BEL'E
100 _aBELL, GEOFFREY F
_979901
245 _aESTABLISHING A FRUIT GARDON
260 _aLONDON
_bSTANLEY PAUL
_c1963
300 _a143P
942 _cBK
999 _c584884
_d584884